000
00289nam a22001217a 4500
008
160421b xxu||||| |||| 00| 0 eng d
020
_a
9780838581681
020
_a
0838581684
041
_a
eng
080
_a
618.2
245
_a
Pediatric nursing:
_c
Cathleen M. Homrighaus;
942
_2
udc
_c
BK
999
_c
1497
_d
1497